| 000 | 00435nam a2200145Ia 4500 | ||
|---|---|---|---|
| 008 | 200626s9999 xx 000 0 und d | ||
| 020 | _a0-13-183468-1 | ||
| 100 | _aGiancoli, Douglas C. | ||
| 245 |
_cDouglas C. Giancoli _aPhysics / |
||
| 250 | _a4th ed. | ||
| 260 |
_aUpper Saddle River, New Jersey : _bPrentice Hall Inc,. _c1980 |
||
| 300 |
_axiv, 1020 pages _bcolored illustrations |
||
| 500 | _aIncludes index. | ||
| 650 | _aPhysics | ||
| 999 |
_c363771 _d363771 |
||